| 000 | 00536cam a2200205ua 4500 | ||
|---|---|---|---|
| 020 | _c500.00 | ||
| 041 |
_aeng _h |
||
| 082 |
_a624.151 _bALA/SO |
||
| 100 | _aAlam, Singh . | ||
| 245 |
_aSoil engineering in theory and practice, Vol 1 / _cAlam Singh. _hTextual Documents |
||
| 250 |
_a3 / _b. |
||
| 260 |
_aNew Delhi : _bC B S Publishers & Distributers , _c1994. |
||
| 300 | _a970 ; . | ||
| 365 | _a500.00 | ||
| 500 | _a** Reference | ||
| 504 | _a | ||
| 700 | 1 | _aChoudhary, G R . | |
| 942 | _cBK | ||
| 999 |
_c7767 _d7767 |
||